00205nam a2200085Ia 4500008004100000041000800041100001500049245004600064260000900110230508s1994 xx 000 0 und d aeng aSMITH N.E. aWRITE YOUR OWN PROGRAMMING LANG.USING C++ c1994